| 000 | 00602nam a2200193 i 4500 | ||
|---|---|---|---|
| 001 | 5379 | ||
| 003 | ES-MaACL | ||
| 005 | 20231227182301.0 | ||
| 007 | t| | ||
| 008 | 880608s1956 sp ||||1| spa d | ||
| 080 | _a86-34"19" | ||
| 080 | _a86(Fernandez Florez,W 7 N.01) | ||
| 100 | 1 |
_aFernández Flórez, Wenceslao, _d1885-1964 _949790 |
|
| 245 | 1 | 3 |
_aLa Nube enjaulada _b: relatos de humor / _cW.Fernandez Florez. |
| 260 |
_aZaragoza : _bLibreria General, _ccop. 1956. |
||
| 300 |
_a262 p., l h. ; _c19 cm. |
||
| 852 |
_aES-MaACL _jL-12057 _bR.114925 _z. - Rust. |
||
| 999 |
_c5379 _d5379 |
||